Algebraic and geometric methods in linear systems theory
Αποθηκεύτηκε σε:
| Συλλογικό Έργο: | , , , |
|---|---|
| Άλλοι συγγραφείς: | , |
| Μορφή: | Πρακτικό Συνεδρίου Βιβλίο |
| Γλώσσα: | English |
| Δημοσίευση: |
Providence, R. I. :
American Mathematical Society,
1980.
|
| Σειρά: | Lectures in applied mathematics (American Mathematical Society)
18 |
| Θέματα: | |
| Ετικέτες: |
Προσθήκη ετικέτας
Δεν υπάρχουν, Καταχωρήστε ετικέτα πρώτοι!
|
MARC
| LEADER | 00000cam a2200000 i 4500 | ||
|---|---|---|---|
| 001 | 1/44976 | ||
| 008 | 941103s1980 riu ||| | eng|| | ||
| 020 | |a 0821811185 | ||
| 035 | |l 10042418 | ||
| 040 | |a GR-MyUA |b gre |e AACR2 | ||
| 041 | 0 | |a eng | |
| 082 | 0 | |a 003 |2 (19) | |
| 111 | 2 | |a AMS-NASA-NATO Summer Seminar on Algebraic and Geometric Methods in Linear Systems Theory |d (1979 : |c Harvard University) | |
| 245 | 1 | 0 | |a Algebraic and geometric methods in linear systems theory / |c Christopher I. Byrnes and Clyde F. Martins, editors. |
| 246 | 3 | 3 | |a Linear systems theory |
| 260 | |a Providence, R. I. : |b American Mathematical Society, |c 1980. | ||
| 300 | |a viii, 327 σ. ; |c 24 εκ. | ||
| 490 | 1 | |a (Lectures in applied mathematics |v ; 18) | |
| 500 | |a Spine title: Linear systems theory | ||
| 500 | |a Papers from a seminar sponsored by the American Mathematical Society, National Aeronautics and Space Administration, and the North Atlantic Treaty Organization | ||
| 504 | |a Περιέχει βιβλιογραφικές αναφορές. | ||
| 650 | 0 | 0 | |a System analysis |x Congresses. |
| 650 | 0 | 0 | |a Commutative algebra |x Congresses. |
| 650 | 0 | 0 | |a Geometry, Algebraic |x Congresses. |
| 650 | 0 | 0 | |a Linear systems. |
| 700 | 1 | |a Byrnes, Christopher I., |d 1949- |e edt | |
| 700 | 1 | |a Martin, Clyde, |e edt | |
| 710 | 2 | |a American Mathematical Society. | |
| 710 | 1 | |a United States. |b National Aeronautics and Space Administration. | |
| 710 | 2 | |a North Atlantic Treaty Organization. | |
| 830 | 0 | |a Lectures in applied mathematics (American Mathematical Society) |v 18 | |
| 852 | |a INST |b SAMOS |e 19941103 |h 003 AMS |p 005300007316 |q 005300007316 |t BK |y 0 | ||
| 909 | |a Σ |b 034561 | ||